000 00571nam a2200217Ia 4500
003 OSt
005 20220928145720.0
006 a|||||r|||| 00| 0
007 ta
008 220927b |||||||| |||| 00| 0 eng d
024 _a82473
037 _cTextual
040 _aSDCL
_cSDCL
_beng
041 _2eng
_aeng
082 _aXv1'N, N9
100 _aBrahmananda P R
_9373898
245 0 _aNobel economics
_bA historical commentary from the classical angle.
260 _c1999
942 _hXv1'N, N9
_cTEXL
_2CC
999 _c835137
_d835137